Mathematics in western culture /

Guardado en:
Detalles Bibliográficos
Autor principal: Kline, Morris (autor)
Formato: Libro
Idioma:Inglés
Temas:
Etiquetas: Agrega una etiqueta
Sin etiquetas, Sé el primero en etiquetar este registro!

MARC

LEADER 00000nam^a2200000^a^4500
001 000039633
005 20250521000000.0
009 20260310085549.243
037 |a Acervo ITESO - Biblioteca 
041 |a ING 
082 |a 510.  |b KLI 
100 |a Kline, Morris  |e (autor) 
245 1 0 |a Mathematics in western culture /  |c M. Kline. 
264 |a Nueva York, EUA :  |b Oxford University,  |c 1976 
300 |a 484 p. 
336 |a texto  |b txt  |2 rdacontenido 
337 |a sin mediación  |b n  |2 rdamedio 
338 |a volumen  |b nc  |2 rdasoporte 
649 |a XX 
650 |a Matemáticas -  |x Historia 
650 |a Occidente -  |x Historia 
910 |a Fondo General 
920 |a Impresos - Libros 
930 |a Colección General 
905 |a 101 
901 |a 0396330100  |b IT1  |c ACC  |i 039633  |u 20250521 
902 |a https://opac.biblio.iteso.mx/vufind/Record/000039633